[Event "4NCL/Div3/AMCAR vs. CAMB2"]
[Site "Daventry ENG"]
[Date "2009.05.04"]
[Round "11.6"]
[White "Kreuzer, Christopher"]
[Black "Pritchard, Abigail"]
[Result "1-0"]
[WhiteElo "1928"]
[BlackElo "1590"]
[PlyCount "115"]
[EventDate "2009.05.04"]
[EventCountry "ENG"]
[SourceDate "2008.10.04"]

1. e4 c5 2. Nf3 d6 3. d4 cxd4 4. Nxd4 Nf6 5. Nc3 g6 6. Be2 Bg7 7. Be3 Nc6 8.
O-O O-O 9. f3 d5 10. Nxd5 Nxd5 11. exd5 Qxd5 12. Nxc6 Qxc6 13. c3 Be6 14. Bd3
Rfd8 15. Qe2 a6 16. Rfd1 Rac8 17. Be4 Bd5 18. Rxd5 Rxd5 19. c4 e6 20. cxd5 exd5
21. Rc1 Qxc1+ 22. Bxc1 Rxc1+ 23. Kf2 dxe4 24. Qxe4 Rc7 25. b3 Bf8 26. Qa4 Rc2+
27. Kg3 Bd6+ 28. Kh3 Rc5 29. g3 Rh5+ 30. Kg2 Rc5 31. Qd7 Bf8 32. a4 b5 33. Qb7
bxa4 34. bxa4 Ra5 35. Qc6 h6 36. f4 h5 37. h3 Kh7 38. Kf3 Bg7 39. g4 hxg4+ 40.
hxg4 Bf8 41. Ke4 Kg8 42. Kd3 Kh7 43. Kc4 Kg8 44. Kb3 Rc5 45. Qxa6 Bg7 46. Qa8+
Kh7 47. a5 Rc3+ 48. Kb4 Rc1 49. a6 Rb1+ 50. Kc4 Rc1+ 51. Kd3 Rd1+ 52. Ke2 Ra1
53. Qb7 Bd4 54. Qxf7+ Kh6 55. g5+ Kh5 56. Qh7+ Kg4 57. Qd7+ Kh5 58. Qh3# 1-0

[Event "4NCL/Div3/BCA vs. GUI4"]
[Site "Daventry ENG"]
[Date "2009.05.04"]
[Round "11.1"]
[White "Crouch, Colin"]
[Black "Stimpson, Philip M"]
[Result "1-0"]
[WhiteElo "2356"]
[BlackElo "2076"]
[PlyCount "47"]
[EventDate "2009.05.04"]
[EventCountry "ENG"]
[SourceDate "2008.10.04"]

1. d4 e6 2. e4 d5 3. Nd2 dxe4 4. Nxe4 Qd5 5. Bd3 Nf6 6. Qe2 Qxd4 7. Nf3 Qd8 8.
Bd2 Be7 9. O-O-O Nbd7 10. Neg5 O-O 11. Bc3 Qe8 12. Rhe1 h6 13. Nxe6 fxe6 14.
Qxe6+ Rf7 15. Bg6 Kf8 16. Qc4 c5 17. Rxe7 Qxe7 18. Re1 Qxe1+ 19. Nxe1 Re7 20.
Nd3 b6 21. Nf4 b5 22. Qxb5 Rb8 23. Qc6 Bb7 24. Qd6 1-0

[Event "4NCL/Div3/BCA vs. GUI4"]
[Site "Daventry ENG"]
[Date "2009.05.04"]
[Round "11.2"]
[White "Punnett, Alan K"]
[Black "Ross, Chris"]
[Result "0-1"]
[WhiteElo "2103"]
[BlackElo "2195"]
[PlyCount "58"]
[EventDate "2009.05.04"]
[EventCountry "ENG"]
[SourceDate "2008.10.04"]

1. e4 c5 2. c3 d5 3. exd5 Qxd5 4. d4 e6 5. Nf3 Nf6 6. Be2 cxd4 7. cxd4 Nc6 8.
O-O Be7 9. a3 O-O 10. b4 b6 11. Nc3 Qd6 12. Nb5 Qd8 13. Ne5 Bb7 14. Bf3 Nd5 15.
Re1 Bf6 16. Bb2 a6 17. Nc3 Nxc3 18. Bxc3 Rc8 19. Ng4 Bg5 20. d5 Ne7 21. d6 Bxf3
22. dxe7 Bxd1 23. exd8=Q Rfxd8 24. Raxd1 Rxc3 25. f4 Be7 26. Rxd8+ Bxd8 27. Rd1
Bc7 28. Ne5 f6 29. Nd7 Bxf4 0-1

[Event "4NCL/Div3/BCA vs. GUI4"]
[Site "Daventry ENG"]
[Date "2009.05.04"]
[Round "11.3"]
[White "Lilley, Graham"]
[Black "Higgs, Anthony"]
[Result "1/2-1/2"]
[WhiteElo "2097"]
[BlackElo "1995"]
[PlyCount "50"]
[EventDate "2009.05.04"]
[EventCountry "ENG"]
[SourceDate "2008.10.04"]

1. d4 g6 2. c4 Bg7 3. Nc3 d6 4. e4 Nf6 5. Nf3 O-O 6. Be2 Nc6 7. O-O e5 8. dxe5
dxe5 9. Qxd8 Rxd8 10. Bg5 Rd7 11. Rad1 Ne8 12. Nd5 f6 13. Bd2 Rf7 14. h3 Be6
15. c5 h6 16. Bc4 Kh7 17. Bc3 f5 18. exf5 gxf5 19. Ne3 Bxc4 20. Nxc4 e4 21.
Bxg7 Nxg7 22. Nd4 Nxd4 23. Rxd4 Ne6 24. Rd5 Rg8 25. Ne3 Nf4 1/2-1/2

[Event "4NCL/Div3/BCA vs. GUI4"]
[Site "Daventry ENG"]
[Date "2009.05.04"]
[Round "11.4"]
[White "Aslett, Alec"]
[Black "Armstrong, William G"]
[Result "1/2-1/2"]
[WhiteElo "2005"]
[BlackElo "1978"]
[PlyCount "92"]
[EventDate "2009.05.04"]
[EventCountry "ENG"]
[SourceDate "2008.10.04"]

1. e4 c5 2. Bc4 Nc6 3. Nf3 g6 4. d4 cxd4 5. Nxd4 Bg7 6. Be3 Nf6 7. Nc3 O-O 8.
O-O d6 9. f3 Bd7 10. Qd2 Rc8 11. Bb3 a6 12. Rad1 Qc7 13. g4 Rfd8 14. g5 Bh3 15.
Rf2 Nh5 16. Nd5 Qd7 17. Nb6 Qc7 18. Nxc8 Rxc8 19. Nxc6 bxc6 20. c3 Kf8 21. Bc4
a5 22. f4 Bg4 23. Be2 Bxe2 24. Qxe2 Ke8 25. Qf3 f6 26. Qg4 Qd7 27. f5 fxg5 28.
Bxg5 Bf6 29. h4 Be5 30. Rg2 Kd8 31. Be3 Kc7 32. Bd4 Nf6 33. Qf3 Qe8 34. Bxe5
dxe5 35. fxg6 hxg6 36. Rgd2 Qg8 37. Qe3 Kb7 38. Qg5 Qe6 39. Re1 Rh8 40. Rg2 Rh5
41. Qxg6 Rxh4 42. Qf5 Qd6 43. Qf3 Rf4 44. Qd1 Qc5+ 45. Kh2 Nxe4 46. Qd7+ Kb6
1/2-1/2

[Event "4NCL/Div3/BCA vs. GUI4"]
[Site "Daventry ENG"]
[Date "2009.05.04"]
[Round "11.5"]
[White "Cole, Tristram C"]
[Black "Gibbs, Daniel"]
[Result "0-1"]
[WhiteElo "1970"]
[BlackElo "1925"]
[PlyCount "96"]
[EventDate "2009.05.04"]
[EventCountry "ENG"]
[SourceDate "2008.10.04"]

1. e4 g6 2. d4 Bg7 3. Nc3 d6 4. Be3 a6 5. Qd2 Nd7 6. O-O-O b5 7. h4 h5 8. f3
Bb7 9. Nh3 Ngf6 10. Kb1 O-O 11. Nf2 b4 12. Ne2 c5 13. Rg1 a5 14. Bh6 c4 15.
Bxg7 Kxg7 16. g4 Qb6 17. Nf4 c3 18. Qe3 hxg4 19. Nxg4 Rh8 20. Bh3 Nxg4 21. Bxg4
Ne5 22. h5 Nc4 23. Qe1 Na3+ 24. Kc1 cxb2+ 25. Kxb2 a4 26. Rg2 Nc4+ 27. Ka1 b3
28. cxb3 axb3 29. Qc3 b2+ 30. Rxb2 Qxb2+ 31. Qxb2 Nxb2 32. Kxb2 Rhb8 33. Ka1
gxh5 34. Nxh5+ Kf8 35. Rc1 Bc8 36. Bxc8 Rxc8 37. Rxc8+ Rxc8 38. Kb2 e6 39. Nf4
Ke7 40. d5 e5 41. Nd3 Kd7 42. Kb3 Kc7 43. a4 Rg8 44. Kc4 Rg3 45. f4 exf4 46. e5
f3 47. a5 dxe5 48. Kc5 Rg6 0-1

[Event "4NCL/Div3/BCA vs. GUI4"]
[Site "Daventry ENG"]
[Date "2009.05.04"]
[Round "11.6"]
[White "Bryant, Richard"]
[Black "Hilton, Steve"]
[Result "1/2-1/2"]
[WhiteElo "1930"]
[BlackElo "1897"]
[PlyCount "74"]
[EventDate "2009.05.04"]
[EventCountry "ENG"]
[SourceDate "2008.10.04"]

1. Nc3 c5 2. e4 a6 3. f4 b5 4. Nf3 Bb7 5. d3 e6 6. Be2 d5 7. e5 b4 8. Nb1 Ne7
9. O-O Nf5 10. g4 Nh4 11. Bd2 Nxf3+ 12. Bxf3 Qb6 13. Be3 Nc6 14. Qe1 Be7 15.
Qg3 Qc7 16. Re1 g5 17. Bc1 Nd4 18. Bd1 gxf4 19. Bxf4 Rg8 20. c3 Nf5 21. Qh3 Bh4
22. Bg3 Nxg3 23. Qxh4 Nf5 24. Qh5 O-O-O 25. Kf1 Ne7 26. Nd2 bxc3 27. bxc3 Ng6
28. d4 cxd4 29. cxd4 Qc3 30. Nb3 Qd3+ 31. Be2 Qe4 32. Rec1+ Kb8 33. Nc5 Qf4+
34. Ke1 Qxd4 35. Nxb7 Qg1+ 36. Kd2 Qd4+ 37. Ke1 Qg1+ 1/2-1/2

[Event "4NCL/Div3/CELT2 vs. WWKS2"]
[Site "Daventry ENG"]
[Date "2009.05.04"]
[Round "11.1"]
[White "Evans, Craig"]
[Black "Ingram, Keith"]
[Result "0-1"]
[WhiteElo "2030"]
[BlackElo "2070"]
[PlyCount "50"]
[EventDate "2009.05.04"]
[EventCountry "ENG"]
[SourceDate "2008.10.04"]

1. e4 e6 2. d4 d5 3. Nc3 c5 4. exd5 exd5 5. dxc5 Be6 6. Be3 Nc6 7. Nf3 Nf6 8.
Bb5 Be7 9. O-O O-O 10. h3 Qc7 11. Bxc6 bxc6 12. Bd4 Nd7 13. Na4 Qf4 14. Qd2 Qf5
15. Rfe1 Qg6 16. Kh1 Qh5 17. Ng1 Bg5 18. Qe2 Qg6 19. Nf3 Bf4 20. c3 Rae8 21.
Qf1 Qh5 22. Ng1 g5 23. g3 Bb8 24. Qe2 Qh6 25. f3 Bxg3 0-1

[Event "4NCL/Div3/CELT2 vs. WWKS2"]
[Site "Daventry ENG"]
[Date "2009.05.04"]
[Round "11.2"]
[White "Fallowfield, Jeremy"]
[Black "Fathallah, Joe"]
[Result "1-0"]
[WhiteElo "2022"]
[BlackElo "1964"]
[PlyCount "87"]
[EventDate "2009.05.04"]
[EventCountry "ENG"]
[SourceDate "2008.10.04"]

1. e4 e6 2. d4 d5 3. Nd2 Nf6 4. Bd3 c5 5. c3 Nc6 6. Ngf3 Qb6 7. exd5 exd5 8.
O-O cxd4 9. cxd4 Be7 10. Re1 O-O 11. h3 Bb4 12. a3 Bd6 13. Nb1 h6 14. Nc3 a6
15. Bc2 Be6 16. Qd3 Ne7 17. Nh4 Qc7 18. Re3 Qc4 19. Qd1 Rac8 20. Rf3 Rfe8 21.
Bxh6 Nd7 22. Qd2 g6 23. Qg5 Qxd4 24. Nxg6 Nxg6 25. Bxg6 fxg6 26. Qxg6+ Kh8 27.
Rd1 Qe5 28. Bf4 Qxf4 29. Rxf4 Bxf4 30. Nxd5 Bxd5 31. Qh5+ Kg7 32. Qg4+ Kh8 33.
Qh4+ Kg7 34. Qxf4 Nf6 35. Qg5+ Kf7 36. Rxd5 Nxd5 37. Qxd5+ Kg6 38. Qxb7 Re1+
39. Kh2 Re6 40. Qd5 Rcc6 41. f4 Red6 42. Qg5+ Kf7 43. h4 Rd2 44. h5 1-0

[Event "4NCL/Div3/CELT2 vs. WWKS2"]
[Site "Daventry ENG"]
[Date "2009.05.04"]
[Round "11.3"]
[White "Wagner, Guy"]
[Black "Fallowfield, Nicholas"]
[Result "1/2-1/2"]
[WhiteElo "1830"]
[BlackElo "2060"]
[PlyCount "96"]
[EventDate "2009.05.04"]
[EventCountry "ENG"]
[SourceDate "2008.10.04"]

1. Nf3 d5 2. c4 dxc4 3. e3 Nf6 4. Bxc4 e6 5. d4 Be7 6. O-O O-O 7. Nc3 c5 8. Qe2
a6 9. a4 Nc6 10. Rd1 Qc7 11. e4 cxd4 12. Nxd4 Nxd4 13. Rxd4 e5 14. Rd1 Bg4 15.
f3 Bc5+ 16. Kh1 Bd7 17. Bg5 Bd4 18. Bxf6 Bxc3 19. Bxg7 Kxg7 20. bxc3 Rac8 21.
Bd5 b5 22. c4 bxc4 23. Bxc4 Qxc4 24. Qxc4 Rxc4 25. Rxd7 Rfc8 26. Rd6 Rc1+ 27.
Rd1 Rxa1 28. Rxa1 Rc2 29. a5 f6 30. h3 h5 31. h4 Rb2 32. Kh2 Rc2 33. Kh3 Rf2
34. Ra3 Rf1 35. g3 Kg6 36. Rc3 Ra1 37. Rc5 Ra3 38. Rd5 Ra4 39. g4 hxg4+ 40.
Kxg4 f5+ 41. Kg3 fxe4 42. Rxe5 exf3 43. Kxf3 Rxh4 44. Re6+ Kf5 45. Rxa6 Ra4 46.
Ke3 Ke5 47. Rh6 Kd5 48. Rh5+ Kc6 1/2-1/2

[Event "4NCL/Div3/CELT2 vs. WWKS2"]
[Site "Daventry ENG"]
[Date "2009.05.04"]
[Round "11.4"]
[White "Stewart, Joey"]
[Black "Buttell, David"]
[Result "1-0"]
[WhiteElo "1995"]
[BlackElo "1714"]
[PlyCount "85"]
[EventDate "2009.05.04"]
[EventCountry "ENG"]
[SourceDate "2008.10.04"]

1. e4 c5 2. Nf3 d6 3. d4 cxd4 4. Nxd4 Nf6 5. Nc3 g6 6. Be3 Bg7 7. f3 O-O 8. Bc4
Nc6 9. Qd2 Bd7 10. h4 Rc8 11. Bb3 Ne5 12. Bh6 Nc4 13. Bxc4 Rxc4 14. Bxg7 Kxg7
15. g4 Qb6 16. O-O-O Rfc8 17. h5 Rxd4 18. h6+ Kf8 19. Qxd4 Qxd4 20. Rxd4 b6 21.
Nd5 Ne8 22. g5 Be6 23. Rhd1 Nc7 24. Nxc7 Rxc7 25. e5 Rc6 26. exd6 exd6 27. Rxd6
Rxd6 28. Rxd6 Ke7 29. Rd3 a6 30. b3 Bd7 31. Kd2 Be6 32. c4 Bf5 33. Re3+ Kd7 34.
Kc3 Kc6 35. Kd4 Kd7 36. b4 Be6 37. a4 Kd6 38. f4 Kd7 39. c5 b5 40. axb5 axb5
41. Ke5 Ke7 42. Rd3 Bc8 43. Rd6 1-0

[Event "4NCL/Div3/GLOSG vs. ICENI"]
[Site "Daventry ENG"]
[Date "2009.05.04"]
[Round "11.1"]
[White "Hosken, Nigel"]
[Black "Reynolds, D Ian"]
[Result "1-0"]
[WhiteElo "2090"]
[BlackElo "2095"]
[PlyCount "75"]
[EventDate "2009.05.04"]
[EventCountry "ENG"]
[SourceDate "2008.10.04"]

1. d4 Nf6 2. c4 e6 3. Nc3 Bb4 4. Bg5 c5 5. d5 exd5 6. cxd5 d6 7. e3 Nbd7 8. Bb5
Qa5 9. Bxd7+ Nxd7 10. Nge2 Qa6 11. O-O h6 12. Bf4 g5 13. Bg3 f5 14. a4 Ba5 15.
Nb5 Ne5 16. f4 Nf7 17. e4 fxe4 18. fxg5 hxg5 19. Rxf7 Kxf7 20. Qf1+ Kg6 21.
Nxd6 Rh7 22. Be5 Bd8 23. Qf2 Bg4 24. Nc3 Be7 25. Ncxe4 Rf8 26. Qg3 Be2 27. Nc3
Bd3 28. Rd1 c4 29. Ndb5 Bc5+ 30. Kh1 Rhf7 31. h4 Rf5 32. Nd4 Bxd4 33. Bxd4 Kh5
34. hxg5 Rxg5 35. Qc7 Qh6 36. Qh2+ Kg6 37. Qxh6+ Kxh6 38. Be3 1-0

[Event "4NCL/Div3/GLOSG vs. ICENI"]
[Site "Daventry ENG"]
[Date "2009.05.04"]
[Round "11.2"]
[White "Lunn, Timothy"]
[Black "Lambourne, Daniel M"]
[Result "1-0"]
[WhiteElo "2055"]
[BlackElo "2004"]
[PlyCount "157"]
[EventDate "2009.05.04"]
[EventCountry "ENG"]
[SourceDate "2008.10.04"]

1. d4 Nf6 2. c4 e6 3. Nf3 d5 4. g3 c5 5. cxd5 Nxd5 6. Bg2 Nc6 7. O-O cxd4 8.
Nxd4 Bc5 9. Nxc6 bxc6 10. Qa4 Bd7 11. Nc3 O-O 12. Qc4 Qe7 13. Rd1 Nb6 14. Qd3
Rfd8 15. Qc2 Be8 16. Bd2 Rac8 17. Ne4 Bb4 18. Bxb4 Qxb4 19. Ng5 g6 20. Ne4 Nd5
21. a3 Qe7 22. Rac1 Rb8 23. Nc5 Qf6 24. b4 e5 25. Ne4 Qe6 26. Qc5 f5 27. Ng5
Qf6 28. h4 h6 29. Nh3 Qf7 30. e4 Rb5 31. Qc2 fxe4 32. Bxe4 Qf6 33. Kh2 a5 34.
Bd3 Rb7 35. bxa5 Kg7 36. a6 Ra7 37. Qc5 Rda8 38. Rb1 Qe7 39. Qxe7+ Rxe7 40. Rb7
Kf6 41. Rdb1 Nc3 42. R1b4 Nb5 43. a4 Nc7 44. R4b6 Nd5 45. Rb2 Nc7 46. Rb8 Rxb8
47. Rxb8 Nxa6 48. Bxa6 Ra7 49. Bd3 Bf7 50. Rb4 Ra5 51. Bc4 Be8 52. Rb6 Rxa4 53.
Bd5 Rd4 54. Bb3 Ke7 55. Kg2 Kd6 56. Rb8 Bd7 57. Ng1 Rd3 58. Bc2 Ra3 59. Bxg6 c5
60. Bf7 Bc6+ 61. f3 e4 62. fxe4 Bxe4+ 63. Kf2 Ra7 64. Rd8+ Ke5 65. Bc4 Kf6 66.
Bd3 Bxd3 67. Rxd3 c4 68. Rc3 Rc7 69. Nf3 Ke6 70. Nd2 Kd5 71. Rxc4 Rg7 72. Rf4
Rg6 73. Kf3 Ke5 74. Nc4+ Kd5 75. Ne3+ Ke5 76. Rf5+ Ke6 77. Kf4 Kd6 78. Ng4 Ke7
79. Rh5 1-0

[Event "4NCL/Div3/GLOSG vs. ICENI"]
[Site "Daventry ENG"]
[Date "2009.05.04"]
[Round "11.3"]
[White "Taylor, Geoffrey P"]
[Black "Feavyour, John"]
[Result "0-1"]
[WhiteElo "2017"]
[BlackElo "2057"]
[PlyCount "64"]
[EventDate "2009.05.04"]
[EventCountry "ENG"]
[SourceDate "2008.10.04"]

1. e4 c5 2. Nf3 d6 3. d4 cxd4 4. Nxd4 Nf6 5. Nc3 a6 6. Bg5 e6 7. f4 Nc6 8. Qd2
Be7 9. O-O-O Bd7 10. Nf3 Qc7 11. Rg1 Rd8 12. g4 b5 13. Bd3 b4 14. Ne2 a5 15.
Bxf6 Bxf6 16. g5 Be7 17. f5 Ne5 18. Nxe5 dxe5 19. f6 Bc5 20. fxg7 Rg8 21. g6
fxg6 22. Qh6 Bxg1 23. Qxh7 Be3+ 24. Kb1 Kf7 25. Rf1+ Bf4 26. Nxf4 exf4 27. e5
Qxe5 28. Bxg6+ Ke7 29. Qh4+ Qf6 30. Qf2 Qxg6 31. Qc5+ Ke8 32. Rxf4 Qxg7 0-1

[Event "4NCL/Div3/GLOSG vs. ICENI"]
[Site "Daventry ENG"]
[Date "2009.05.04"]
[Round "11.4"]
[White "Botham, Paul"]
[Black "Meade, Philip J"]
[Result "1/2-1/2"]
[WhiteElo "2042"]
[BlackElo "2055"]
[PlyCount "73"]
[EventDate "2009.05.04"]
[EventCountry "ENG"]
[SourceDate "2008.10.04"]

1. d4 Nf6 2. Nf3 b6 3. Bg5 Bb7 4. Nbd2 d6 5. e3 Nbd7 6. h3 g6 7. Be2 Bg7 8. O-O
O-O 9. c4 e5 10. d5 Qe8 11. e4 Nc5 12. Qc2 a5 13. Rfe1 Bc8 14. Bf1 Bd7 15. b3
h6 16. Bxf6 Bxf6 17. a3 Qe7 18. b4 Nb7 19. Rec1 Bg7 20. Ra2 f5 21. Bd3 f4 22.
Nb1 g5 23. Nh2 Be8 24. Nc3 h5 25. f3 Bf6 26. Qe2 Nd8 27. Bc2 Nf7 28. Ba4 Nh6
29. Bxe8 Rfxe8 30. Nb5 Qd7 31. Rac2 axb4 32. axb4 Ra4 33. Rb2 Rea8 34. Qc2 Bd8
35. Nc3 Ra3 36. Nb5 R3a4 37. Nc3 1/2-1/2

[Event "4NCL/Div3/GLOSG vs. ICENI"]
[Site "Daventry ENG"]
[Date "2009.05.04"]
[Round "11.5"]
[White "Waterfield, John"]
[Black "Donaghay, Richard"]
[Result "1/2-1/2"]
[WhiteElo "2030"]
[BlackElo "1966"]
[PlyCount "80"]
[EventDate "2009.05.04"]
[EventCountry "ENG"]
[SourceDate "2008.10.04"]

1. e4 d5 2. exd5 Nf6 3. Nf3 Nxd5 4. d4 g6 5. c4 Nb6 6. Nc3 Bg7 7. Be3 Nc6 8. d5
Ne5 9. Nxe5 Bxe5 10. Bd4 Bxd4 11. Qxd4 O-O 12. c5 e5 13. Qd2 Nd7 14. Na4 Qh4
15. Bb5 Qe4+ 16. Kf1 c6 17. dxc6 bxc6 18. Re1 Qf5 19. Bxc6 Ba6+ 20. Kg1 Rad8
21. Qc3 Qe6 22. Be4 Qxa2 23. b3 Nf6 24. Bc2 Nd5 25. Qb2 Qxb2 26. Nxb2 Nb4 27.
Bb1 Rd2 28. Na4 Rfd8 29. h4 f6 30. Rh3 Nc2 31. Bxc2 Rxc2 32. Rc3 Rdd2 33. Rxc2
Rxc2 34. Re3 Rc1+ 35. Kh2 Bb5 36. Rc3 Rxc3 37. Nxc3 Bc6 38. b4 a6 39. Kg3 Kf7
40. f3 f5 1/2-1/2

[Event "4NCL/Div3/GLOSG vs. ICENI"]
[Site "Daventry ENG"]
[Date "2009.05.04"]
[Round "11.6"]
[White "Szymanski, Mark"]
[Black "Dodwell, Phil"]
[Result "0-1"]
[WhiteElo "1985"]
[BlackElo "2005"]
[PlyCount "120"]
[EventDate "2009.05.04"]
[EventCountry "ENG"]
[SourceDate "2008.10.04"]

1. d4 f5 2. e4 fxe4 3. Nc3 Nf6 4. Bg5 Nc6 5. d5 Ne5 6. Qd4 d6 7. Bxf6 exf6 8.
Qxe4 Be7 9. h3 O-O 10. O-O-O f5 11. Qd4 Bf6 12. f4 Nd7 13. Qd2 Nc5 14. Nf3 b5
15. Bxb5 Rb8 16. Nd4 Bd7 17. Bc4 Kh8 18. Bb3 a5 19. Nc6 Bxc6 20. dxc6 a4 21.
Bd5 Rb6 22. Rde1 Qb8 23. b3 Qa8 24. Re2 axb3 25. cxb3 Qa5 26. Nb1 Qa8 27. Rhe1
Rbb8 28. g4 Qa6 29. Re3 Qb6 30. Kd1 Bh4 31. R1e2 Ne4 32. Bxe4 fxe4 33. Rxe4
Qxc6 34. Qc2 Qb6 35. Kc1 Bg3 36. Qd2 Qc5+ 37. Kb2 d5 38. Rd4 c6 39. Qe3 Bh4 40.
g5 h6 41. Nd2 Rbe8 42. Ne4 dxe4 43. Rxe4 Qxe3 44. R2xe3 Rxe4 45. Rxe4 hxg5 46.
fxg5 Bxg5 47. Re6 c5 48. Kc3 Rf4 49. a4 Rd4 50. Re5 Bd2+ 51. Kc2 Bb4 52. Re3
Kg8 53. Rf3 Rd2+ 54. Kc1 Rd6 55. Kc2 Kh7 56. Rg3 Kh6 57. Rf3 Rd2+ 58. Kc1 g6
59. Kb1 Kh5 60. Kc1 Rh2 0-1

[Event "4NCL/Div3/GUI5 vs. LIT2"]
[Site "Daventry ENG"]
[Date "2009.05.04"]
[Round "11.1"]
[White "McCullough, Simon L"]
[Black "Jones, Christopher M"]
[Result "1/2-1/2"]
[WhiteElo "1905"]
[BlackElo "1950"]
[PlyCount "62"]
[EventDate "2009.05.04"]
[EventCountry "ENG"]
[SourceDate "2008.10.04"]

1. e4 e5 2. Nf3 Nc6 3. d4 exd4 4. Nxd4 Nf6 5. Nxc6 bxc6 6. Nc3 Bb4 7. Bd3 h6 8.
O-O d6 9. Qf3 Bxc3 10. bxc3 O-O 11. e5 dxe5 12. Qxc6 Bg4 13. h3 Bd7 14. Qc5 Re8
15. Rd1 Qc8 16. Be3 Bf5 17. Rd2 Ne4 18. Bxe4 Bxe4 19. f3 Bf5 20. Rad1 Qa6 21.
Qxc7 Qxa2 22. Rd8 Raxd8 23. Rxd8 Rxd8 24. Qxd8+ Kh7 25. Qe7 Qa1+ 26. Kh2 Qxc3
27. Qxf7 Qxe3 28. Qxf5+ Kg8 29. Qc8+ Kf7 30. Qd7+ Kf6 31. Qd6+ Kf7 1/2-1/2

[Event "4NCL/Div3/GUI5 vs. LIT2"]
[Site "Daventry ENG"]
[Date "2009.05.04"]
[Round "11.2"]
[White "Jaszkiwskyj, Peter"]
[Black "Lalic, Peter"]
[Result "1/2-1/2"]
[WhiteElo "2020"]
[BlackElo "1905"]
[PlyCount "58"]
[EventDate "2009.05.04"]
[EventCountry "ENG"]
[SourceDate "2008.10.04"]

1. d4 d5 2. Nf3 Nf6 3. c4 c6 4. Nc3 a6 5. Bf4 dxc4 6. a4 Bf5 7. e3 Bd3 8. Bxd3
cxd3 9. Qxd3 e6 10. O-O Nbd7 11. h3 Be7 12. Rfd1 Nd5 13. Bh2 O-O 14. Rac1 Nb4
15. Qd2 a5 16. Ne4 Nf6 17. Nc5 Qc8 18. Nb3 Ne4 19. Qe1 f6 20. Nh4 g5 21. Nf3
Kh8 22. Qe2 Rg8 23. Ne1 Qe8 24. Bc7 Nd5 25. Bh2 h5 26. f3 Nd6 27. Nc5 Qf7 28.
Ned3 b6 29. Bxd6 Bxd6 1/2-1/2

[Event "4NCL/Div3/GUI5 vs. LIT2"]
[Site "Daventry ENG"]
[Date "2009.05.04"]
[Round "11.3"]
[White "Shaw, Matthew"]
[Black "Ireland, David J"]
[Result "0-1"]
[WhiteElo "1925"]
[BlackElo "1997"]
[PlyCount "56"]
[EventDate "2009.05.04"]
[EventCountry "ENG"]
[SourceDate "2008.10.04"]

1. e4 c5 2. Nf3 d6 3. d4 cxd4 4. Nxd4 Nf6 5. Nc3 g6 6. Be3 Bg7 7. f3 O-O 8. Qd2
Nc6 9. Bc4 Bd7 10. O-O-O Rb8 11. h4 h5 12. Nde2 Qa5 13. Bh6 Rfc8 14. Bxg7 Kxg7
15. Bb3 b5 16. f4 b4 17. Nd5 Nxe4 18. Qe3 Nc5 19. Nxe7 Nxe7 20. Qxe7 Nxb3+ 21.
axb3 Qa1+ 22. Kd2 Qxb2 23. Qe4 Kg8 24. Rb1 Qf6 25. Nd4 Re8 26. Qd3 Qxf4+ 27.
Kd1 Bg4+ 28. Nf3 Re4 0-1

[Event "4NCL/Div3/GUI5 vs. LIT2"]
[Site "Daventry ENG"]
[Date "2009.05.04"]
[Round "11.4"]
[White "Mapletoft, Alexander J"]
[Black "Waldock, Adrian"]
[Result "1-0"]
[WhiteElo "1925"]
[BlackElo "1925"]
[PlyCount "79"]
[EventDate "2009.05.04"]
[EventCountry "ENG"]
[SourceDate "2008.10.04"]

1. e4 c5 2. Nf3 d6 3. d4 cxd4 4. Nxd4 Nf6 5. Nc3 a6 6. Bg5 e6 7. f4 Qb6 8. Nb3
Be7 9. Qf3 Nc6 10. O-O-O Bd7 11. g4 O-O-O 12. Bxf6 gxf6 13. h4 Kb8 14. g5 Bc8
15. Bh3 Qc7 16. Rhg1 Rdf8 17. Ne2 h6 18. Ned4 hxg5 19. Nxc6+ bxc6 20. hxg5 fxg5
21. fxg5 Rhg8 22. Qe3 c5 23. Rg2 Rg6 24. Rg3 Rfg8 25. Rdg1 Qd8 26. Kb1 Rxg5 27.
Rxg5 Rxg5 28. Rxg5 Bxg5 29. Qf3 Qf6 30. Qd3 Qe5 31. Na5 Kc7 32. Nc4 Qf4 33. a3
Bb7 34. Bg2 Be7 35. Qb3 Bxe4 36. Qb6+ Kd7 37. Qa7+ Ke8 38. Qb8+ Bd8 39. Nxd6+
Ke7 40. Nc8+ 1-0

[Event "4NCL/Div3/GUI5 vs. LIT2"]
[Site "Daventry ENG"]
[Date "2009.05.04"]
[Round "11.5"]
[White "Sathiraju, Vijay"]
[Black "Deacon, Paul"]
[Result "1/2-1/2"]
[WhiteElo "1754"]
[BlackElo "1930"]
[PlyCount "89"]
[EventDate "2009.05.04"]
[EventCountry "ENG"]
[SourceDate "2008.10.04"]

1. d4 d5 2. c4 c6 3. Nc3 Nf6 4. Nf3 a6 5. Bf4 e6 6. e3 Bd6 7. Ne5 O-O 8. h3
Bxe5 9. Bxe5 Ne8 10. Bg3 Nd7 11. cxd5 exd5 12. Bd3 f5 13. Qc2 g6 14. O-O-O Nef6
15. f3 b5 16. Bd6 Re8 17. g4 Re6 18. gxf5 Rxd6 19. fxg6 h6 20. Rdg1 Kg7 21. Qh2
Qe7 22. Nd1 c5 23. Rg4 cxd4 24. Rh4 Ne5 25. Qe2 Rc6+ 26. Kb1 Qc5 27. Nf2 dxe3
28. Ng4 Nfxg4 29. hxg4 Nxd3 30. Qxd3 Qc4 31. Qxe3 Qc2+ 32. Ka1 Qxg6 33. Qe7+
Qf7 34. Qe5+ Qf6 35. Qe3 Re6 36. Qd2 Bb7 37. a3 d4 38. Rxh6 Qxh6 39. Rxh6 Rxh6
40. Qg5+ Rg6 41. Qe7+ Kh6 42. Qh4+ Kg7 43. Qe7+ Kh6 44. Qh4+ Kg7 45. Qe7+
1/2-1/2

[Event "4NCL/Div3/MET vs. SSC"]
[Site "Daventry ENG"]
[Date "2009.05.04"]
[Round "11.1"]
[White "Dickson, George"]
[Black "Graham, David B"]
[Result "1/2-1/2"]
[WhiteElo "2117"]
[BlackElo "2208"]
[PlyCount "57"]
[EventDate "2009.05.04"]
[EventCountry "ENG"]
[SourceDate "2008.10.04"]

1. e4 e6 2. d4 d5 3. e5 c5 4. c3 Nc6 5. Nf3 Qb6 6. a3 Nh6 7. b4 cxd4 8. cxd4
Nf5 9. Bb2 Bd7 10. g4 Nh6 11. Rg1 Be7 12. Nc3 f6 13. exf6 gxf6 14. Na4 Qc7 15.
Nc5 Rg8 16. Qd2 Nf7 17. Rc1 Bd6 18. Nxd7 Qxd7 19. h4 Rc8 20. Bd3 Rg7 21. Kf1
Ne7 22. Rxc8+ Qxc8 23. g5 e5 24. gxf6 Qh3+ 25. Ke1 Rxg1+ 26. Nxg1 Qg2 27. fxe7
Qxg1+ 28. Bf1 e4 29. Qe2 1/2-1/2

[Event "4NCL/Div3/MET vs. SSC"]
[Site "Daventry ENG"]
[Date "2009.05.04"]
[Round "11.2"]
[White "Grant, David"]
[Black "Calvert, D Ian"]
[Result "1/2-1/2"]
[WhiteElo "2033"]
[BlackElo "2054"]
[PlyCount "43"]
[EventDate "2009.05.04"]
[EventCountry "ENG"]
[SourceDate "2008.10.04"]

1. e4 d5 2. exd5 Qxd5 3. Nc3 Qd6 4. d4 Nf6 5. Bc4 a6 6. Nge2 b5 7. Bb3 Bb7 8.
O-O e6 9. Bf4 Qd7 10. Be5 c5 11. dxc5 Bxc5 12. Nf4 Qxd1 13. Raxd1 Nbd7 14. Bc7
Rc8 15. Ba5 Bb6 16. Bb4 Bc5 17. Ba5 Bb6 18. Bxb6 Nxb6 19. Rd6 Rc6 20. Rfd1 Rxd6
21. Rxd6 Nfd7 22. f3 1/2-1/2

[Event "4NCL/Div3/MET vs. SSC"]
[Site "Daventry ENG"]
[Date "2009.05.04"]
[Round "11.3"]
[White "Vachtfeidl, Petr"]
[Black "Elliston, Robert"]
[Result "1/2-1/2"]
[WhiteElo "2005"]
[BlackElo "2101"]
[PlyCount "49"]
[EventDate "2009.05.04"]
[EventCountry "ENG"]
[SourceDate "2008.10.04"]

1. e4 d6 2. d4 Nf6 3. Nc3 c6 4. f4 Qa5 5. Bd3 e5 6. Nf3 Nbd7 7. O-O Be7 8. Kh1
O-O 9. dxe5 dxe5 10. f5 b5 11. Bd2 b4 12. Ne2 c5 13. a3 Qc7 14. c4 Bb7 15. Ng3
Rfd8 16. Bc2 Nb6 17. b3 Nbd7 18. Qe2 Nb8 19. a4 Nc6 20. Rad1 Nd4 21. Nxd4 cxd4
22. Bd3 Qc6 23. Rde1 a5 24. Nh5 Kf8 25. Nxf6 1/2-1/2

[Event "4NCL/Div3/MET vs. SSC"]
[Site "Daventry ENG"]
[Date "2009.05.04"]
[Round "11.4"]
[White "Michaud, Gerald"]
[Black "Roy, Soumen"]
[Result "1-0"]
[WhiteElo "2052"]
[BlackElo "1865"]
[PlyCount "77"]
[EventDate "2009.05.04"]
[EventCountry "ENG"]
[SourceDate "2008.10.04"]

1. d4 Nf6 2. Nf3 g6 3. e3 Bg7 4. Bd3 d5 5. Nbd2 O-O 6. O-O Re8 7. b3 Nc6 8. a3
Qd6 9. Bb2 a6 10. c4 Be6 11. c5 Qd8 12. b4 Na7 13. a4 c6 14. Qe2 Bd7 15. Ne5
Qc7 16. Bc3 Nh5 17. g4 Bxe5 18. dxe5 Ng7 19. f4 Qc8 20. f5 Rf8 21. Kh1 Ne8 22.
e6 Bxe6 23. fxe6 Qxe6 24. Bf5 gxf5 25. gxf5 Qh6 26. Rg1+ Ng7 27. Rxg7+ Qxg7 28.
Bxg7 Kxg7 29. Rg1+ Kf6 30. Qg4 Rg8 31. Qxg8 Rxg8 32. Rxg8 Kxf5 33. Ra8 Nb5 34.
axb5 axb5 35. Ra7 e5 36. Rxb7 f6 37. Rxh7 d4 38. exd4 e4 39. Re7 1-0